000 00953nam a2200253 i 4500
001 106463
003 ES-MaACL
005 20250812062525.0
007 t|
008 221106s1960 sp ||||1| spa d
080 _a327(410:4)
100 1 _aRyder, Wilfred.
_9101107
245 1 0 _aGran Bretaña y Europa /
_cWilfred Ryder.
260 _aMadrid :
_bAteneo,
_c1960.
300 _a32 p. ;
_c19 cm.
490 1 _aColección "O crece o muere" ;
_v146
500 _aEste trabajo fue dado a conocer por su autor en la conferencia pronunciada en el Ateneo de Madrid el día 30 de mayo de 1960, en el ciclo "El hombre y la sociedad de masas" -- Verso portada.
610 2 _aAteneo de Madrid-
_vConferencias-
_y1940-1982.
_91908
651 4 _aGran Bretaña-
_xRelaciones-
_zEuropa.
_98764
710 2 _aAteneo de Madrid.
_91875
830 0 0 _aColección "O crece o muere"
_v146
_9183476
852 _aES-MaACL
_j2208-F-1
_bR.138047
999 _c106463
_d106463